000 01031nam a2200313 i 4500
001 000010716
003 DO-SdBNP
005 20250804150524.0
007 ta
008 091009s1989 dr r 000 0 spa d
040 _aDO-SdBNP
_bspa
_cBNPHU
_erda
041 _aspa
082 4 _a511.322
_bL961i 1989
_222
100 1 _aLuna, Eduardo
_925917
_eautor
_4aut.
245 1 0 _aIntroducción a la teoría de los conjuntos /
_cEduardo Luna, Amarilis Sagredo.
250 _aQuinta edición
264 4 _aSanto Domingo, República Dominicana :
_bEditora Taller
_c©1989.
300 _a83 páginas ;
_c23 cm.
336 _atexto
_btxt
_2rdacontent
337 _asin mediación
_bn
_2rdamedia
338 _avolumen
_bnc
_2rdacarrier
490 1 _aTextos PUCMM
590 _aInventariado, 2018/BT
650 4 _aTeoría de conjuntos
_xProblemas, ejercicios, etc.
_919474
700 1 _aSagredo, Amarilis
_eautor
_4aut.
_925915
830 0 _aTextos PUCMM
_925924
910 _aValidado. Control de calidad. MMOLINA
942 _2ddc
_cLBS1
999 _c10471
_d10471